=LDR 00000nam 2200000 4500 =001 INLIS000000000057301 =005 20201216072315 =035 ##$$a 0010-1220000202 =007 ta =008 201216################g##########0#ind## =082 ##$$a 333.910 981 6 =084 ##$$a 333.910 981 6 PEM p =245 ##$$a Pemanfaatan air sungai pada masyarakat kota pemalang /$c Pro. Dr. S. Bandhisantoso, Nelly L. Tpbing, BA., Drs. Helmy Aswan =260 ##$$a Jakarta :$b Depdikbud,$c 1991 =300 ##$$a xiv, 79 hlm : $b Ilus ; $c 23 x 15 cm =504 ##$$a Bibliografi; hal 75-76 =600 #4$$a Air konsumsi-palembang =990 ##$$a 23782378 =990 ##$$a 23782378 =990 ##$$a 41.715/Hd.92 =990 ##$$a 1199200296 =990 ##$$a 41.716/Hd.92 =990 ##$$a 41.715/Hd.92